| 000 | 00666nam a2200217 4500 | ||
|---|---|---|---|
| 001 | 121777 | ||
| 003 | ES-MaACL | ||
| 005 | 20230906191825.0 | ||
| 007 | t| | ||
| 008 | 070214s1971 sp r ||||1| spa d | ||
| 080 | _a355:623.454.92 | ||
| 100 | 1 |
_aPortisch, Hugo. _993276 |
|
| 245 | 1 | 0 |
_aPaz gracias al terror : _btestigo en los arsenales de la guerra atómica / _cHugo Portisch ; traducción de Ángel Sabrido. |
| 250 | _a1ª ed. | ||
| 260 |
_aBarcelona : _bPlaza & Janés, _c1971. |
||
| 300 |
_a351 p. ; _c23 cm. |
||
| 650 | 4 |
_aGuerra nuclear. _9152826 |
|
| 650 | 4 |
_aEstrategia. _912558 |
|
| 700 | 1 |
_aSabrido, Ángel. _9101219 |
|
| 852 |
_aES-MaACL _jC-40920 |
||
| 999 |
_c121777 _d121777 |
||